Central Library OPAC University of Rajshahi

Stopping tuberculosis in Central Asia : (Record no. 60134)

MARC details
000 -LEADER
fixed length control field 01595nam a2200433 a 4500
001 - CONTROL NUMBER
control field 60134
003 - CONTROL NUMBER IDENTIFIER
rucl marc code BD-RjUL
005 - DATE AND TIME OF LATEST TRANSACTION
control field 20211209080816.0
008 - FIXED-LENGTH DATA ELEMENTS--GENERAL INFORMATION
fixed length control field 161228s2005 dcua sbs i000 0 eng d
020 ## - INTERNATIONAL STANDARD BOOK NUMBER
International Standard Book Number 9780821362761
International Standard Book Number 0821362763
International Standard Book Number 0821362771 (eISBN)
035 ## - SYSTEM CONTROL NUMBER
System control number BD-RjUL60258
040 ## - CATALOGING SOURCE
Original cataloging agency DLC
Transcribing agency DLC
Modifying agency YDX
-- BAKER
-- YUS
-- PUL
-- DNLM
-- WaSeSS
Language of cataloging eng
041 ## - LANGUAGE CODE
Language code of text/sound track or separate title eng
060 00 - NATIONAL LIBRARY OF MEDICINE CALL NUMBER
Classification number 2006 E-677
Classification number WF 200
Item number S8835 2006
082 00 - DEWEY DECIMAL CLASSIFICATION NUMBER
Classification number 614.5420958
Edition number 22
Author mark and year STO 2005
245 00 - TITLE STATEMENT
Title Stopping tuberculosis in Central Asia :
Remainder of title priorities for action /
Statement of responsibility, etc. Joana Godinho ... [et al.].
260 ## - PUBLICATION, DISTRIBUTION, ETC. (IMPRINT)
Place of publication, distribution, etc. Washington, D.C. :
Name of publisher, distributor, etc. World Bank,
Date of publication, distribution, etc. c2005.
300 ## - PHYSICAL DESCRIPTION
Pagination 194 p. ';
Size 26 cm.
490 1# - SERIES STATEMENT
Series statement World Bank working paper,
Volume/sequential designation no. 56
504 ## - BIBLIOGRAPHY, ETC. NOTE
Bibliography, etc Includes bibliographical references (p. 193-194).
506 ## - RESTRICTIONS ON ACCESS NOTE
Terms governing access License restrictions may limit access.
650 12 - SUBJECT ADDED ENTRY--TOPICAL TERM
Topical term or geographic name as entry element Tuberculosis, Pulmonary
9 (RLIN) 178995
Topical term or geographic name as entry element Acquired Immunodeficiency Syndrome
General subdivision complications
9 (RLIN) 178996
Topical term or geographic name as entry element Health Care Costs
General subdivision statistics & numerical data
9 (RLIN) 178997
Topical term or geographic name as entry element HIV Infections
General subdivision complications
9 (RLIN) 178998
651 #2 - SUBJECT ADDED ENTRY--GEOGRAPHIC NAME
Geographic name Asia, Central
9 (RLIN) 178999
700 1# - ADDED ENTRY--PERSONAL NAME
Personal name Godinho, Joana,
Dates associated with a name 1951-
710 2# - ADDED ENTRY--CORPORATE NAME
Corporate name or jurisdiction name as entry element World Bank.
9 (RLIN) 171728
773 #0 - HOST ITEM ENTRY
Title Open Knowledge Repository
830 #0 - SERIES ADDED ENTRY--UNIFORM TITLE
Uniform title World Bank working paper,
Volume number/sequential designation no. 56.
856 40 - ELECTRONIC LOCATION AND ACCESS
Uniform Resource Identifier <a href="http://www.columbia.edu/cgi-bin/cul/resolve?clio7699412">http://www.columbia.edu/cgi-bin/cul/resolve?clio7699412</a>
Public note Full text available from Open Knowledge Repository
942 ## - ADDED ENTRY ELEMENTS (KOHA)
Source of classification or shelving scheme Dewey Decimal Classification
Koha item type Books
Holdings
Lost status Source of classification or shelving scheme Damaged status Not for loan Collection code Permanent Location Current Location Shelving location Date acquired Source of acquisition Total Checkouts Full call number Date last seen Copy number Koha item type
  Dewey Decimal Classification   Not For Loan Non-fiction Central Library, University of Rajshahi Central Library, University of Rajshahi Reading Room 21/04/2007 Tappam & Co.   614.5420958 STO 2005 28/12/2016 C-1 Books